01829nam a2200265Ia 4500001000600000003000900006008004100015040001300056040001300069041001300082100001900095100002900114245005900143245005800202250001100260260001100271260001500282260004900297300005700346500105500403650002801458650003101486700001701517700002901534G3294IT-RoPAU130308s9999 xx 000 0 und d aIT-RoPAU cIT-RoPAU aITALIANO aFara Giulietta gCodice Aut. SPICS: 54476 aVita da pixel. Effetti speciali e animazione digitale bVita da Pixel. Effetti Speciali e Animazione Digitale a1a ed. aMILANO bIl Castoro c2000 [1° Ed.:2000 - Ed.Ling.Originale:2000] a"158 p. (prefazione: no ; testo: 158 [pagine: 0-0])" aIn Questo Volume si Ripercorre Il Cammino delle immagini Digitali e prendono la Parola I Piu' importanti Maghi mondiali che Hanno Condotto la Rivoluzione Digitale fino Alle Frontiere Attuali. Dal Cinema al Nuovo Dispositivo Digitale di Andrea Romeo: Digitale Oltre Il Cinema. Christian Rouet: Effetti Tradizionali Vs Effetti Digitali, Animazione dei Personaggi Digitali. Gleen Mcqueen: Dalla Carta al Pixel, Voci Sono l'anima dei Personaggi, Nascitadel Movimento, Attori Animati, fasi di Animazione. Terry Gilliam: Realismovs Iperrealismo, Digitale Come Nuova Forma Espressiva, Animazione Come Punto di Arrivo. Jerzy Kular: Filmati Digitali per I parchi a Tema, Filmati Inrilievo e di Cinema Dinamico, segreti della Stereoscopia, fasi della Lavorazione. Anna Karin Quinto: Committenze Pubblicitarie, Formazione e Team Produttivi. David Sproxton: Dalla Plastilina al Pixel, Pubblicità fonte Inesauribile di Denaro e Idee. Una Storia delle immagini Digitali, raccontata Dauna Lunga Serie di Film di Fantascienza. Filmografia. Bibliografia. Glossario. aTECNICA CINEMATOGRAFICA eCodice materia Spics: 6802 aRomeo Andrea gCodice Aut. SPICS: 46395